[Event "Championship Moscow 2019"]
[Site "Ìîñêâà, ÐÃÑÓ, óë.Ò]
[Date "2019.04.06"]
[Round "8.25"]
[White "Teiitbaev, Aktilek"]
[Black "Alekseev, Mikhail"]
[Result "1-0"]
[WhiteElo "2193"]
[BlackElo "1879"]
[PlyCount "129"]
[EventDate "2019.03.30"]

1. e4 c6 2. d4 d5 3. e5 c5 4. dxc5 Nc6 5. Nf3 Bg4 6. c3 e6 7. Be3 Nge7 8. Bb5
Bxf3 9. Qxf3 Nf5 10. Nd2 Be7 11. Bxc6+ bxc6 12. O-O Qb8 13. b4 Qxe5 14. Bf4 Qf6
15. Rfe1 Qg6 16. Nb3 Nh4 17. Qg3 Qxg3 18. hxg3 Ng6 19. Be3 Kd7 20. Bd4 f6 21.
f4 Bd8 22. c4 e5 23. fxe5 fxe5 24. Bc3 d4 25. Bd2 Bc7 26. Re4 Rhf8 27. Rae1 Rf7
28. Nc1 Raf8 29. Nd3 h5 30. a4 Rf5 31. b5 R8f6 32. a5 Re6 33. b6 Bb8 34. Rb1
Rf8 35. a6 Re7 36. Ba5 Ref7 37. Kh2 Rf1 38. bxa7 Bxa7 39. Rb7+ Ke6 40. Rxa7 Ra1
41. Be1 Kf5 42. Re2 e4 43. Rf2+ Kg5 44. Nf4 Nxf4 45. gxf4+ Kf5 46. Re2 e3 47.
Re7 Rxa6 48. Re5+ Kxf4 49. Bg3+ Kg4 50. Re4+ Kg5 51. Bh4+ Kf5 52. Rxd4 g5 53.
Be1 Re8 54. Rd3 Ra4 55. Rdxe3 Rxe3 56. Rxe3 Rxc4 57. Rc3 Re4 58. Rf3+ Ke6 59.
Bg3 h4 60. Bd6 Re2 61. Rf8 Kd7 62. Rg8 Re3 63. Rxg5 Ke6 64. Rg4 h3 65. g3 1-0

[Event "Championship Moscow 2019"]
[Site "Ìîñêâà, ÐÃÑÓ, óë.Ò]
[Date "2019.04.06"]
[Round "8.26"]
[White "Trofimovsky, Alexander"]
[Black "Lupolov, Boris"]
[Result "0-1"]
[WhiteElo "2031"]
[BlackElo "1907"]
[PlyCount "49"]
[EventDate "2019.03.30"]

1. c4 e6 2. Nf3 Nf6 3. g3 b6 4. Bg2 Bb7 5. O-O Be7 6. d4 O-O 7. d5 exd5 8. Nh4
c6 9. cxd5 Nxd5 10. Nf5 Nc7 11. e4 d5 12. Nc3 Bf6 13. exd5 cxd5 14. Bf4 Nba6
15. Re1 Bc6 16. Rc1 Re8 17. Ne4 dxe4 18. Rxc6 Qxd1 19. Rxd1 Ne6 20. Nd6 Red8
21. Re1 Nxf4 22. gxf4 Nb4 23. Bxe4 Nxc6 24. Bxc6 Rab8 25. Nc4 0-1

[Event "Championship Moscow 2019"]
[Site "Ìîñêâà, ÐÃÑÓ, óë.Ò]
[Date "2019.04.06"]
[Round "8.27"]
[White "Yakimenko, Alexander A"]
[Black "Usov, Aleksandr E"]
[Result "1-0"]
[WhiteElo "2185"]
[BlackElo "1627"]
[PlyCount "123"]
[EventDate "2019.03.30"]

1. e4 c6 2. Nc3 d5 3. Nf3 Bg4 4. h3 Bh5 5. Be2 e6 6. O-O Nd7 7. d4 dxe4 8. Nxe4
Ngf6 9. Ng3 Bg6 10. Bd3 Bd6 11. Re1 Bxg3 12. fxg3 Bxd3 13. Qxd3 O-O 14. Bf4 Re8
15. g4 c5 16. Qb5 cxd4 17. Qxb7 Rc8 18. Qxa7 Rxc2 19. Qxd4 Nd5 20. Rac1 Rxc1
21. Bxc1 Qa5 22. a3 Rc8 23. b4 Qb5 24. Bb2 N7f6 25. Qd2 Ne8 26. Kh1 Qa4 27. Rc1
Rb8 28. Qc2 Qxc2 29. Rxc2 f6 30. g5 e5 31. gxf6 gxf6 32. Rc5 Nb6 33. Rc6 Nd5
34. Nd2 Kf7 35. Bc1 Rb6 36. Rc5 Ke6 37. Nc4 Rb7 38. Bd2 e4 39. b5 Rc7 40. Rxc7
Nexc7 41. a4 f5 42. g3 h5 43. h4 Kd7 44. Kg2 Ne6 45. Ne3 Ne7 46. Bb4 f4 47.
Bxe7 Kxe7 48. Nd5+ Kd6 49. Nxf4 Ng7 50. a5 Kc5 51. a6 Kb6 52. Kf2 Nf5 53. Nxh5
e3+ 54. Kf3 Nd4+ 55. Kxe3 Nxb5 56. Nf4 Kxa6 57. h5 Nd6 58. g4 Kb5 59. h6 Nf7
60. h7 Kc6 61. g5 Nxg5 62. h8=Q 1-0

[Event "Championship Moscow 2019"]
[Site "Ìîñêâà, ÐÃÑÓ, óë.Ò]
[Date "2019.04.06"]
[Round "8.28"]
[White "Israfilov, Ali"]
[Black "Bogaudinov, Rushan"]
[Result "1/2-1/2"]
[WhiteElo "1792"]
[BlackElo "2123"]
[PlyCount "91"]
[EventDate "2019.03.30"]

1. e4 c5 2. Nf3 d6 3. d4 cxd4 4. Nxd4 Nf6 5. Nc3 a6 6. Be2 g6 7. O-O Bg7 8. Re1
O-O 9. Bf1 e5 10. Nb3 Nc6 11. a4 Be6 12. Bg5 h6 13. Bh4 g5 14. Bg3 d5 15. Nc5
d4 16. Nxe6 fxe6 17. Nb1 Qb6 18. Na3 Rac8 19. Nc4 Qc5 20. b4 Nxb4 21. Bxe5 Rfd8
22. a5 Qe7 23. Bd6 Rxd6 24. Nxd6 Qxd6 25. e5 Qd5 26. exf6 Bxf6 27. Qh5 Bg7 28.
Qg6 Qf5 29. Qxe6+ Qxe6 30. Rxe6 d3 31. c3 Bxc3 32. Rd1 d2 33. Rxh6 Re8 34. Rd6
Re1 35. R1xd2 Bxd2 36. Rxd2 Nc6 37. Rd7 Re7 38. Rd6 Re5 39. h4 gxh4 40. Bxa6
bxa6 41. Rxc6 Rxa5 42. Kh2 Ra4 43. Kh3 a5 44. Ra6 Kf7 45. f4 Rxf4 46. Rxa5
1/2-1/2

[Event "Championship Moscow 2019"]
[Site "Ìîñêâà, ÐÃÑÓ, óë.Ò]
[Date "2019.04.06"]
[Round "8.30"]
[White "Zhuk, Kirill"]
[Black "Kireev, Igor"]
[Result "1-0"]
[WhiteElo "1894"]
[BlackElo "1673"]
[PlyCount "75"]
[EventDate "2019.03.30"]

1. e4 e5 2. Nf3 Nc6 3. Bc4 Nf6 4. d3 Bc5 5. a4 O-O 6. O-O d5 7. exd5 Nxd5 8. a5
Bg4 9. Nbd2 f5 10. c3 Kh8 11. Qb3 Nf4 12. Qxb7 Ne7 13. Nxe5 Rb8 14. Qa6 Neg6
15. Nxg4 fxg4 16. Ne4 Ne2+ 17. Kh1 Bxf2 18. Bg5 Qd7 19. Qe6 Qxe6 20. Bxe6 g3
21. b4 h6 22. Bd2 Rbe8 23. Bg4 Nef4 24. Bxf4 Nxf4 25. Nxf2 gxf2 26. Rxf2 Nxd3
27. Rxf8+ Rxf8 28. Kg1 c5 29. b5 Rb8 30. Be2 Nf4 31. Bc4 Re8 32. b6 Rb8 33. Rb1
axb6 34. Rxb6 Ra8 35. a6 Nh5 36. Bd5 Ra7 37. Be4 g6 38. Rb8+ 1-0

[Event "Championship Moscow 2019"]
[Site "Ìîñêâà, ÐÃÑÓ, óë.Ò]
[Date "2019.04.06"]
[Round "8.31"]
[White "Kudryaev, Ivan"]
[Black "Razumovskiy, Mikhail"]
[Result "0-1"]
[WhiteElo "1667"]
[BlackElo "2024"]
[PlyCount "106"]
[EventDate "2019.03.30"]

1. d4 d5 2. e3 Nf6 3. Nf3 Bg4 4. Be2 Bxf3 5. Bxf3 c6 6. c4 e6 7. Nc3 Be7 8. O-O
O-O 9. cxd5 exd5 10. Qc2 Nbd7 11. b3 Re8 12. Bb2 Nf8 13. Be2 Bd6 14. h3 Bc7 15.
Ba3 Ne6 16. Rae1 Qd7 17. Bd3 g6 18. f4 Ng7 19. f5 g5 20. Rf3 Rad8 21. g4 Bb8
22. Kg2 h5 23. gxh5 Ngxh5 24. Rg1 Kh8 25. Kf1 Rg8 26. Qf2 Rde8 27. Qg2 Ne4 28.
Bxe4 dxe4 29. Rf2 Ng3+ 30. Ke1 f6 31. Bb2 Kg7 32. Ne2 Nxe2 33. Kxe2 Kf7 34. Ba3
Qd5 35. Bc1 Qb5+ 36. Ke1 Qa5+ 37. Kd1 Rh8 38. Rh1 Rh4 39. Qf1 Reh8 40. Rc2 g4
41. Rc5 Qa6 42. Qg2 Qd3+ 43. Bd2 Rxh3 44. Rxh3 Rxh3 45. Rc3 Qb1+ 46. Bc1 Rg3
47. Qh2 Kg7 48. Rc2 Rf3 49. Qxb8 Rf1+ 50. Kd2 Rf2+ 51. Ke1 Qxc2 52. Qxb7+ Kh6
53. Qa6 Rh2 0-1

[Event "Championship Moscow 2019"]
[Site "Ìîñêâà, ÐÃÑÓ, óë.Ò]
[Date "2019.04.06"]
[Round "8.32"]
[White "Zurabian, Vage"]
[Black "Muraseev, Vasilii"]
[Result "1/2-1/2"]
[WhiteElo "1842"]
[BlackElo "1444"]
[PlyCount "81"]
[EventDate "2019.03.30"]

1. e4 c6 2. Nc3 d5 3. d4 dxe4 4. Nxe4 Bf5 5. Ng3 Bg6 6. h4 h6 7. Nf3 Nf6 8. h5
Bh7 9. Bd3 Bxd3 10. Qxd3 Nbd7 11. Bd2 Qc7 12. O-O-O O-O-O 13. Kb1 e6 14. Ne4
Nxe4 15. Qxe4 Nf6 16. Qe2 Bd6 17. g3 Rhe8 18. Bc1 Kb8 19. Ne5 Bxe5 20. dxe5 Nd5
21. Qe4 Qb6 22. Qd4 Qxd4 23. Rxd4 Ne7 24. Rhd1 Rxd4 25. Rxd4 Kc7 26. g4 Rd8 27.
Rxd8 Kxd8 28. c4 Kc7 29. Kc2 c5 30. Kd3 Nc6 31. Ke4 Kd7 32. Be3 b6 33. f4 Ke7
34. Bf2 Kf8 35. f5 a6 36. Be3 Ke7 37. f6+ Kf8 38. g5 hxg5 39. Bxg5 Kg8 40. b3
Kh7 41. fxg7 1/2-1/2

[Event "Championship Moscow 2019"]
[Site "Ìîñêâà, ÐÃÑÓ, óë.Ò]
[Date "2019.04.06"]
[Round "8.33"]
[White "Brygov, Igor"]
[Black "Grigoryev, Vladislav"]
[Result "1-0"]
[WhiteElo "2052"]
[BlackElo "1741"]
[PlyCount "137"]
[EventDate "2019.03.30"]

1. Nf3 c5 2. e4 e6 3. c4 Nc6 4. d4 cxd4 5. Nxd4 a6 6. Nc3 Qc7 7. Nc2 Nf6 8. Be2
Be7 9. O-O O-O 10. Be3 Ne5 11. b3 d6 12. f4 Ned7 13. Bf3 Nc5 14. Qe2 Bd7 15.
Rae1 Bc6 16. Bxc5 dxc5 17. e5 Nd7 18. Bxc6 Qxc6 19. Ne4 Rfe8 20. Qg4 f5 21.
exf6 Nxf6 22. Nxf6+ Bxf6 23. Rxe6 Qd7 24. f5 Kh8 25. Qe4 Qf7 26. Kh1 h6 27. h3
Rad8 28. Re1 Kh7 29. Ne3 Rd4 30. Qf3 Rf8 31. Ng4 Bg5 32. f6 Rxg4 33. Qxg4 Bxf6
34. Qe4+ Kg8 35. Re8 Bd4 36. Qd5 Kh7 37. Rxf8 Qxf8 38. Qe4+ g6 39. Qe7+ Bg7 40.
Qxf8 Bxf8 41. Re8 Bg7 42. Rb8 g5 43. g4 Kg6 44. Rxb7 a5 45. Ra7 Bc3 46. Ra6+
Kg7 47. Kg2 Kh7 48. Kf3 Kg7 49. Ke4 Kh7 50. Kf5 Kg7 51. Ra7+ Kf8 52. Kg6 Ke8
53. Kxh6 Bd2 54. Kg6 Kd8 55. Kf5 Kc8 56. Ke5 Kd8 57. Kd5 Ke8 58. Kc6 Kd8 59.
Rg7 Be3 60. Kb5 Bd2 61. Kxc5 Kc8 62. Kb5 Kd8 63. c5 Kc8 64. Ra7 Kb8 65. Rxa5
Kb7 66. c6+ Kc7 67. Ra7+ Kb8 68. Rf7 Kc8 69. Kc4 1-0

[Event "Championship Moscow 2019"]
[Site "?"]
[Date "2019.04.06"]
[Round "8.4"]
[White "Mirzoeva, Elmira"]
[Black "Zotova, Anastasia"]
[Result "1-0"]
[WhiteElo "2262"]
[BlackElo "2032"]
[PlyCount "91"]
[EventDate "2019.??.??"]
[WhiteClock "0:13:48"]
[BlackClock "0:02:23"]

1. d4 Nf6 2. Nf3 g6 3. Nbd2 d5 4. e3 Bg7 5. b4 O-O 6. c4 Nbd7 7. Be2 Re8 8. Bb2
b6 9. O-O c5 10. dxc5 bxc5 11. b5 Bb7 12. a4 e5 13. cxd5 e4 14. Ng5 h6 15. Nh3
Nxd5 16. Bxg7 Kxg7 17. Qc2 Qe7 18. Rac1 Rac8 19. Rfd1 Kh7 20. a5 f5 21. Nc4 Ne5
22. Qb2 g5 23. Nxe5 Qxe5 24. Qxe5 Rxe5 25. Bc4 Rc7 26. Kf1 Kg6 27. g3 Kf6 28.
Rd2 Ke7 29. Ng1 f4 30. exf4 gxf4 31. gxf4 Nxf4 32. Ne2 Nh3 33. Nc3 Rg5 34. Re1
Rd7 35. Rxd7+ Kxd7 36. Re3 Rg1+ 37. Ke2 Nf4+ 38. Kd2 Ng2 39. Rg3 e3+ 40. fxe3
Ra1 41. a6 Ba8 42. Rg7+ Kd6 43. Rxa7 Bf3 44. b6 Bc6 45. b7 Kc7 46. Ra8 1-0

[Event "Championship Moscow 2019"]
[Site "Ìîñêâà, ÐÃÑÓ, óë.Ò]
[Date "2019.04.06"]
[Round "8.5"]
[White "Gvanceladze, Anna"]
[Black "Korchagina, Alena"]
[Result "1/2-1/2"]
[WhiteElo "2264"]
[BlackElo "2167"]
[PlyCount "140"]
[EventDate "2019.03.30"]

1. e4 c5 2. Nf3 e6 3. g3 Nc6 4. Bg2 Nf6 5. Nc3 d6 6. d4 cxd4 7. Nxd4 Be7 8.
Nxc6 bxc6 9. e5 Nd5 10. exd6 Qxd6 11. Ne4 Qc7 12. c4 Nf6 13. Nxf6+ Bxf6 14. O-O
O-O 15. Qf3 Bd7 16. Rb1 a5 17. b3 Ra6 18. h4 c5 19. Bf4 e5 20. Be3 Bc6 21. Qh5
Bxg2 22. Kxg2 a4 23. Rfd1 axb3 24. axb3 Rd8 25. Rxd8+ Bxd8 26. Rd1 g6 27. Qf3
Be7 28. Rd5 f5 29. h5 Rb6 30. Qd1 Rd6 31. Kf1 Qd7 32. hxg6 hxg6 33. Ke2 f4 34.
Rxd6 Qxd6 35. Qxd6 Bxd6 36. Bd2 Kf7 37. Kf3 fxg3 38. Kxg3 Ke6 39. Kg4 Be7 40.
Be3 Bd6 41. Kg5 Kf7 42. Bd2 Be7+ 43. Kg4 Ke6 44. Ba5 Bf6 45. Bb6 Be7 46. Bc7
Bf6 47. Bb8 Be7 48. Ba7 Bd6 49. Bb6 Be7 50. Ba5 Bf6 51. b4 cxb4 52. Bxb4 Bd8
53. Bc5 Bf6 54. Bb6 Be7 55. Kf3 Kf5 56. c5 e4+ 57. Ke2 Bg5 58. c6 Ke6 59. Be3
Bd8 60. Bf4 Bb6 61. Bg3 Bc5 62. Bf4 Bb6 63. Kf1 g5 64. Bg3 e3 65. f3 Kf5 66. c7
Bxc7 67. Bxc7 g4 68. f4 g3 69. Bd6 Ke4 70. Bc7 Kf5 1/2-1/2

[Event "Championship Moscow 2019"]
[Site "Ìîñêâà, ÐÃÑÓ, óë.Ò]
[Date "2019.04.06"]
[Round "8.6"]
[White "Dumcheva, Julia"]
[Black "Kanevskaya, Anna"]
[Result "0-1"]
[WhiteElo "2168"]
[BlackElo "2136"]
[Annotator "icy"]
[PlyCount "77"]
[EventDate "2019.03.30"]

1. e4 e5 2. Nf3 Nc6 3. Bb5 a6 4. Ba4 Nf6 5. d3 b5 6. Bb3 Be7 7. h3 O-O 8. O-O
d6 9. Nc3 Na5 10. Nd5 Nxd5 11. Bxd5 c6 12. Bb3 Nxb3 13. axb3 f5 14. exf5 Bxf5
15. b4 Qe8 16. Kh2 Qg6 17. Be3 Be6 18. Ne1 Bd8 19. Qe2 Bc7 20. Kh1 d5 21. Bc5
Rf5 22. Nf3 Rh5 23. Ng1 Rg5 24. f3 Rf5 25. g4 Rf7 26. Rae1 Re8 27. Qg2 h5 28.
Rf2 Bd7 29. Rfe2 Qh7 30. g5 Bf5 31. h4 Qg6 32. Nh3 Bd7 33. Ng1 Rf4 34. Qg3 Qf7
35. c3 Bb8 36. Be3 Rf5 37. Qg2 Qg6 38. Bf2 Ref8 39. Rd2 {çàïèñü
íåÿñíà} 0-1

[Event "Championship Moscow 2019"]
[Site "Ìîñêâà, ÐÃÑÓ, óë.Ò]
[Date "2019.04.06"]
[Round "8.7"]
[White "Nur-Mukhametova, Alisa"]
[Black "Diakonova, Ekaterina"]
[Result "0-1"]
[WhiteElo "2164"]
[BlackElo "2239"]
[PlyCount "94"]
[EventDate "2019.03.30"]

1. d4 Nf6 2. Nf3 b6 3. g3 Bb7 4. Bg2 g6 5. O-O Bg7 6. c4 O-O 7. Nc3 Ne4 8. Bd2
Nxd2 9. Qxd2 c5 10. d5 d6 11. e4 Nd7 12. h3 Rb8 13. a4 a6 14. Qc2 Bc8 15. Rfe1
Qc7 16. Nd2 Bd4 17. Nb3 e5 18. Nxd4 cxd4 19. Na2 b5 20. axb5 axb5 21. Nb4 Qxc4
22. Qd2 Nc5 23. Nc6 Nb3 24. Qh6 Rb7 25. Ra8 Qc2 26. f4 f6 27. fxe5 dxe5 28. Rf1
Nd2 29. Re1 d3 30. Kh1 Nxe4 31. Nb4 Qd2 32. Qxd2 Nxd2 33. Nxd3 Bf5 34. Rxf8+
Kxf8 35. Nc5 Rc7 36. b4 Nc4 37. Ra1 Ke7 38. g4 Bc8 39. Ra8 f5 40. gxf5 gxf5 41.
Ra1 e4 42. Kg1 Kd6 43. Rd1 Rg7 44. Ra1 Ne3 45. Ra2 Rxg2+ 46. Rxg2 Nxg2 47. Kxg2
Kxd5 0-1

[Event "Championship Moscow 2019"]
[Site "Ìîñêâà, ÐÃÑÓ, óë.Ò]
[Date "2019.04.06"]
[Round "8.8"]
[White "Miroshnik, Ekaterina"]
[Black "Zaitseva, Lyudmila"]
[Result "0-1"]
[WhiteElo "2039"]
[BlackElo "1926"]
[PlyCount "82"]
[EventDate "2019.03.30"]

1. d4 d5 2. Nf3 e6 3. c4 c6 4. e3 f5 5. Nc3 Nf6 6. Bd3 Bd6 7. O-O O-O 8. b3 b6
9. Bb2 Bb7 10. Ne2 Ne4 11. Ne5 Nd7 12. f3 Nec5 13. Nxd7 Nxd7 14. f4 Qe7 15. a3
a5 16. Qc2 g6 17. Kh1 Nf6 18. Rf3 Kf7 19. Rh3 Rh8 20. Ng1 Ng4 21. Qd2 h6 22.
Nf3 g5 23. Ne5+ Bxe5 24. fxe5 h5 25. Rf3 h4 26. e4 dxe4 27. Bxe4 Rad8 28. Qe2
Nh6 29. Rff1 Kg6 30. h3 Rhf8 31. Bd3 c5 32. d5 exd5 33. e6 a4 34. Qe5 Rf6 35.
Rae1 Rd6 36. Qh2 Rfxe6 37. Rxe6+ Rxe6 38. Qb8 Rf6 39. Bb1 Rf8 40. Qh2 Rd8 41.
Qg1 Re8 0-1

[Event "Championship Moscow 2019"]
[Site "Ìîñêâà, ÐÃÑÓ, óë.Ò]
[Date "2019.04.06"]
[Round "8.9"]
[White "Seregina, Maria"]
[Black "Danilova, Rada"]
[Result "1-0"]
[WhiteElo "1853"]
[BlackElo "1930"]
[PlyCount "111"]
[EventDate "2019.03.30"]

1. f4 d5 2. Nf3 Nf6 3. g3 c5 4. Bg2 Nc6 5. d3 b5 6. O-O Bb7 7. Kh1 e6 8. Be3
Be7 9. c3 O-O 10. Nbd2 a5 11. Bg1 a4 12. e4 dxe4 13. dxe4 Qc7 14. e5 Nd5 15.
Ne4 Na5 16. Qc2 Nc4 17. Nfg5 g6 18. Qe2 h6 19. Nf3 Ba6 20. b3 Ncb6 21. Nfd2
Rac8 22. c4 bxc4 23. bxc4 Nb4 24. g4 Nc2 25. Rac1 Nd4 26. Qe3 Nd7 27. Qh3 Kg7
28. Be3 Rh8 29. f5 exf5 30. Bxd4 cxd4 31. gxf5 Bg5 32. f6+ Kg8 33. e6 Ne5 34.
e7 Bxd2 35. Nxd2 Re8 36. Rfe1 Qa5 37. Re2 d3 38. Rf2 Bc8 39. Qg3 Ng4 40. c5
Nxf2+ 41. Qxf2 Qc7 42. Qd4 Bf5 43. Nc4 Rxe7 44. fxe7 Qxe7 45. Ne3 Be6 46. Nd5
Bxd5 47. Bxd5 Qe2 48. Qf6 Rh7 49. Rb1 Rg7 50. Bf3 Qf2 51. c6 d2 52. Rg1 Qc5 53.
Qd8+ Kh7 54. Qxd2 f5 55. Rc1 Qa3 56. Rc3 1-0

[Event "Championship Moscow 2019"]
[Site "Ìîñêâà, ÐÃÑÓ, óë.Ò]
[Date "2019.04.06"]
[Round "8.10"]
[White "Afanasieva, Alexandra"]
[Black "Ilyina, Lada"]
[Result "1-0"]
[WhiteElo "2093"]
[BlackElo "1877"]
[PlyCount "69"]
[EventDate "2019.03.30"]

1. e4 e6 2. d4 d5 3. Nc3 Bb4 4. e5 Ne7 5. a3 Bxc3+ 6. bxc3 b6 7. Qg4 O-O 8. Bg5
Qe8 9. Bd3 Ng6 10. h4 f6 11. exf6 gxf6 12. Bh6 e5 13. Qg3 exd4+ 14. Ne2 Qe5 15.
Bf4 Qh5 16. Bxc7 Nc6 17. f3 Kh8 18. Qd6 Bb7 19. cxd4 Rf7 20. Qh2 Re8 21. O-O-O
Rfe7 22. g4 Qh6+ 23. Kb1 Qe3 24. Bd6 Rd7 25. g5 Qe6 26. Bg3 Qe7 27. Ka2 fxg5
28. hxg5 Qf7 29. f4 Nce7 30. f5 Nxf5 31. Rdf1 Nge7 32. Be5+ Kg8 33. g6 Nxg6 34.
Bxf5 Rde7 35. Bxg6 1-0

[Event "Championship Moscow 2019"]
[Site "Ìîñêâà, ÐÃÑÓ, óë.Ò]
[Date "2019.04.06"]
[Round "8.11"]
[White "Zakharova, Evgenia"]
[Black "Todua, Anastasia"]
[Result "1/2-1/2"]
[WhiteElo "1892"]
[BlackElo "1610"]
[PlyCount "100"]
[EventDate "2019.03.30"]

1. d4 Nf6 2. c4 c5 3. d5 b5 4. cxb5 a6 5. b6 Bb7 6. Nc3 Qxb6 7. e4 d6 8. a4 g6
9. a5 Qc7 10. Bc4 Bg7 11. Nge2 Nbd7 12. f4 O-O 13. O-O Rfe8 14. Ng3 h5 15. Qc2
e6 16. dxe6 fxe6 17. e5 dxe5 18. Qxg6 Qc6 19. Rf2 Nf8 20. Qg5 N8h7 21. Qh4 Ng4
22. Re2 exf4 23. Nxh5 Bd4+ 24. Kh1 Kh8 25. Nxf4 Rg8 26. Ne4 Nf2+ 27. Rxf2 Qxe4
28. Re2 Rxg2 29. Qxh7+ Kxh7 30. Nxg2 Qf3 31. Bf4 Qxf4 32. Rxe6 Rg8 33. Re7+ Kh6
34. Rxb7 Qf2 35. Bxg8 Bxb2 36. Rb1 Bd4 37. R7b6+ Kg7 38. Bc4 Qc2 39. Bxa6 c4
40. Re1 Bxb6 41. axb6 Qb3 42. b7 c3 43. Bd3 Qxb7 44. Be4 Qb2 45. Ne3 Qf2 46.
Rg1+ Kh8 47. Rg3 Qe1+ 48. Kg2 Qe2+ 49. Kg1 Qe1+ 50. Nf1 Qxe4 1/2-1/2

[Event "Championship Moscow 2019"]
[Site "Ìîñêâà, ÐÃÑÓ, óë.Ò]
[Date "2019.04.06"]
[Round "8.12"]
[White "Strukova, Ksenia"]
[Black "Zaytseva, Dariya"]
[Result "1-0"]
[WhiteElo "1919"]
[BlackElo "1350"]
[PlyCount "115"]
[EventDate "2019.03.30"]

1. e4 e6 2. d4 d5 3. Nd2 a6 4. Ngf3 c5 5. c3 Nc6 6. exd5 exd5 7. dxc5 Bxc5 8.
Nb3 Ba7 9. Nfd4 Nf6 10. Be2 O-O 11. O-O h6 12. Be3 Ne7 13. Qc2 b5 14. a4 bxa4
15. Rxa4 Bb6 16. Rfa1 a5 17. Qc1 Ba6 18. Bxa6 Rxa6 19. Nc2 Bxe3 20. Nxe3 Nc6
21. Nd4 Nxd4 22. Rxd4 Re8 23. Qd1 Re5 24. Qd3 Ra7 25. Rd1 Rd7 26. h3 Qb6 27.
Qc2 Qc6 28. Qb3 Rb7 29. Qa2 Rb5 30. Qa3 Qc5 31. Qa2 Qc6 32. Qb1 Qb6 33. b4 Qc6
34. Qd3 axb4 35. cxb4 Qb6 36. Qc3 Qb7 37. Rf4 Re6 38. Nf5 Rbb6 39. Ne3 Rb5 40.
Nc2 Rbb6 41. Qf3 Qc7 42. Ne3 Re5 43. Rfd4 Rd6 44. Nc4 dxc4 45. Rxd6 Re1+ 46.
Rxe1 Qxd6 47. Qc3 Qd5 48. Rc1 Qe4 49. Qxc4 Qxc4 50. Rxc4 Nd5 51. b5 Nb6 52. Rc6
Nd7 53. Rd6 Nc5 54. b6 Nb7 55. Rd7 Nc5 56. Rc7 Na6 57. Rc8+ Kh7 58. b7 1-0

[Event "Championship Moscow 2019"]
[Site "Ìîñêâà, ÐÃÑÓ, óë.Ò]
[Date "2019.04.06"]
[Round "8.13"]
[White "Dorofeeva, Nyurguiaana"]
[Black "Shevtsova, Stefania"]
[Result "1-0"]
[WhiteElo "1879"]
[BlackElo "1684"]
[PlyCount "103"]
[EventDate "2019.03.30"]

1. Nf3 Nf6 2. d4 d5 3. Bf4 c5 4. e3 Nc6 5. c3 Qb6 6. Qc1 Bf5 7. Nbd2 h6 8. h3
e6 9. Be2 Be7 10. O-O O-O 11. Re1 c4 12. Bd1 Rfc8 13. Bc2 Qd8 14. Bxf5 exf5 15.
Ne5 Ne4 16. Ndf3 Nb8 17. Qd1 g5 18. Bh2 f6 19. Ng6 Bd6 20. Bxd6 Qxd6 21. h4 g4
22. Nd2 g3 23. Nxe4 fxe4 24. fxg3 Kh7 25. Qg4 Nc6 26. Qf5 Kg7 27. Nf4 Ne7 28.
Nh5+ Kh8 29. Qxf6+ Qxf6 30. Nxf6 Rc6 31. Rf1 Rb6 32. Rf2 Rf8 33. Raf1 Rd6 34.
Ng4 Rxf2 35. Rxf2 Kg7 36. Ne5 Rf6 37. Rxf6 Kxf6 38. g4 h5 39. gxh5 Nf5 40. Kf2
Nxh4 41. g4 Kg5 42. Kg3 Nf3 43. Nxf3+ exf3 44. Kxf3 b5 45. e4 dxe4+ 46. Kxe4 a5
47. d5 b4 48. d6 a4 49. d7 a3 50. d8=Q+ Kh6 51. Qg8 axb2 52. Qg6# 1-0

[Event "Championship Moscow 2019"]
[Site "Ìîñêâà, ÐÃÑÓ, óë.Ò]
[Date "2019.04.06"]
[Round "8.14"]
[White "Ivanova, Anastasia S"]
[Black "Khachatryan, Nadezhda"]
[Result "1-0"]
[WhiteElo "1860"]
[BlackElo "1738"]
[PlyCount "139"]
[EventDate "2019.03.30"]

1. d4 d5 2. c4 dxc4 3. Nf3 Nf6 4. e3 e6 5. Bxc4 c5 6. O-O a6 7. b3 b5 8. Be2
Bb7 9. a4 b4 10. Nbd2 cxd4 11. Nxd4 Bc5 12. Bb2 O-O 13. Rc1 Qe7 14. Bf3 Nd5 15.
Nc4 Rd8 16. Na5 Bb6 17. Nxb7 Qxb7 18. Qe2 Bxd4 19. Bxd4 Nc6 20. Bb2 Na5 21. e4
Nf4 22. Qe3 Nd3 23. e5 Qe7 24. Bxa8 Nxc1 25. Rxc1 Rxa8 26. Bd4 Qd7 27. Bb6 Nc6
28. h3 Rc8 29. Qe4 h6 30. Qe2 Ne7 31. Rxc8+ Qxc8 32. Qe3 Nd5 33. Qc5 Qb8 34.
Ba5 Qxe5 35. Bxb4 Qb8 36. Be1 Qxb3 37. Qc8+ Kh7 38. Qxa6 Qd1 39. Kf1 Nf4 40.
Qc4 Nd3 41. Qe4+ f5 42. Qe2 Qb3 43. a5 e5 44. a6 e4 45. a7 Qa3 46. Qe3 Qa1 47.
f3 Nxe1 48. Qxe1 Qxa7 49. fxe4 Qa6+ 50. Qe2 Qa1+ 51. Kf2 Qd4+ 52. Qe3 Qxe4 53.
Qxe4 fxe4 54. Ke3 Kg6 55. Kxe4 Kg5 56. g3 h5 57. Ke5 h4 58. g4 g6 59. Ke4 Kf6
60. Kd5 Kf7 61. g5 Ke7 62. Ke5 Kf7 63. Kd6 Kg7 64. Ke6 Kg8 65. Kf6 Kh7 66. Kf7
Kh8 67. Kxg6 Kg8 68. Kh6 Kh8 69. g6 Kg8 70. g7 1-0

[Event "Championship Moscow 2019"]
[Site "Ìîñêâà, ÐÃÑÓ, óë.Ò]
[Date "2019.04.06"]
[Round "8.15"]
[White "Kruglikova, Viktorija"]
[Black "Khachatryan, Marieta"]
[Result "0-1"]
[WhiteElo "1786"]
[BlackElo "1856"]
[PlyCount "86"]
[EventDate "2019.03.30"]

1. e4 c6 2. Nf3 d5 3. exd5 cxd5 4. Ne5 Nf6 5. d4 Nc6 6. Bb5 Bd7 7. Nxd7 Qxd7 8.
c3 e6 9. O-O Bd6 10. Nd2 O-O 11. Nf3 a6 12. Bd3 h6 13. Qe2 Qc7 14. Re1 Nd7 15.
Bc2 e5 16. Nxe5 Ncxe5 17. dxe5 Bxe5 18. Qh5 Rfe8 19. Bxh6 gxh6 20. Qxh6 Bg7 21.
Qh7+ Kf8 22. Qf5 Nf6 23. g4 Qc6 24. g5 Ne4 25. Rad1 Re5 26. Qf4 Rxg5+ 27. Kf1
Qf6 28. Qxf6 Nxf6 29. f4 Rg4 30. f5 Re8 31. Rxe8+ Kxe8 32. Kf2 Rc4 33. Kf3 b5
34. Bd3 Rc8 35. a4 bxa4 36. Bxa6 Rb8 37. Rd2 Rb3 38. Re2+ Kd7 39. Ke3 a3 40.
bxa3 Rxc3+ 41. Kf4 Rxa3 42. Bb5+ Kd6 43. Rc2 Bh6# 0-1

[Event "Championship Moscow 2019"]
[Site "Ìîñêâà, ÐÃÑÓ, óë.Ò]
[Date "2019.04.06"]
[Round "8.16"]
[White "Krupnova, Anna"]
[Black "Zakharova, Oksana"]
[Result "1/2-1/2"]
[WhiteElo "1729"]
[BlackElo "1751"]
[PlyCount "165"]
[EventDate "2019.03.30"]

1. d4 Nf6 2. c4 e6 3. Nf3 Bb4+ 4. Nbd2 O-O 5. a3 Bxd2+ 6. Bxd2 d6 7. Qc2 Nbd7
8. Bc3 Qe7 9. e4 e5 10. d5 Nc5 11. Nd2 Bd7 12. b4 Na4 13. Be2 Ne8 14. g4 Qh4
15. h3 Qh6 16. Nf1 Nxc3 17. Qxc3 Nf6 18. Ng3 Qf4 19. Qe3 h6 20. O-O Rfe8 21.
Kg2 h5 22. g5 Nh7 23. h4 Qxh4 24. Rh1 Qxg5 25. Qxg5 Nxg5 26. Rxh5 f6 27. c5 g6
28. Rhh1 Kf7 29. f3 Rh8 30. Rac1 Rxh1 31. Nxh1 Rc8 32. Nf2 Kg7 33. Bc4 f5 34.
Bb3 fxe4 35. fxe4 Kf7 36. a4 Ke7 37. Kg3 Rf8 38. Bd1 Kd8 39. Rc4 Rf4 40. cxd6
cxd6 41. b5 Bf5 42. Bc2 Bd7 43. Bd1 Nh7 44. Nd3 Rf8 45. Be2 Rh8 46. Bg4 Nf6 47.
Bxd7 Kxd7 48. Nf2 Rh5 49. a5 Rg5+ 50. Kf3 Rg1 51. b6 axb6 52. axb6 Ne8 53. Nd3
Rb1 54. Nb4 Ke7 55. Kg4 Kf6 56. Kh4 g5+ 57. Kg4 Kg6 58. Kf3 Kh5 59. Rc8 Rxb4
60. Rxe8 Rb3+ 61. Kg2 Rxb6 62. Re6 Kg4 63. Rf6 Rb2+ 64. Kf1 Kg3 65. Rxd6 g4 66.
Rf6 b5 67. d6 Rd2 68. Rf5 Rxd6 69. Rxe5 Kf3 70. Rf5+ Kxe4 71. Rxb5 Rd2 72. Rb4+
Kf3 73. Rb3+ Kf4 74. Ra3 Kg5 75. Kg1 Kh4 76. Kf1 g3 77. Ra8 Rd5 78. Kg2 Rd2+
79. Kf1 Rf2+ 80. Kg1 Kg4 81. Rg8+ Kf3 82. Rf8+ Ke2 83. Re8+ 1/2-1/2

[Event "Championship Moscow 2019"]
[Site "Ìîñêâà, ÐÃÑÓ, óë.Ò]
[Date "2019.04.06"]
[Round "8.17"]
[White "Chagina, Ulyana"]
[Black "Komarova, Viktoria"]
[Result "1/2-1/2"]
[WhiteElo "1739"]
[BlackElo "1567"]
[PlyCount "80"]
[EventDate "2019.03.30"]

1. d4 Nf6 2. Nf3 e6 3. e3 b6 4. Bd3 Bb7 5. O-O Be7 6. c4 O-O 7. Nc3 d5 8. b3 c5
9. cxd5 Nxd5 10. Nxd5 Bxd5 11. dxc5 Bxc5 12. e4 Bb7 13. Bb2 Nc6 14. a3 Nd4 15.
Ne5 Nc6 16. Nxc6 Bxc6 17. Bc2 Qxd1 18. Rfxd1 Rfd8 19. b4 Be7 20. f3 Rxd1+ 21.
Rxd1 Rd8 22. Rxd8+ Bxd8 23. Bd3 Ba4 24. Ba6 Bc7 25. f4 Bxf4 26. g3 Bc7 27. Kf2
Bc6 28. Ke3 f6 29. Bc4 Kf7 30. Kd3 Be5 31. Bxe5 fxe5 32. Ke3 b5 33. Bb3 a6 34.
Kf3 Kf6 35. h3 h6 36. Ba2 Bb7 37. Bb3 Bc6 38. Ba2 Bb7 39. Bb3 Bc6 40. Ba2 Bb7
1/2-1/2